Reservation: (Record no. 146466)

MARC details
000 -LEADER
fixed length control field 00578nam a22001937a 4500
005 - DATE AND TIME OF LATEST TRANSACTION
control field 20171011152408.0
010 ## - LCCN (DPL NO)
LC control number ENG-120970
020 ## - INTERNATIONAL STANDARD BOOK NUMBER
Terms of availability 975.00
International Standard Book Number 9788178359786
035 ## - SYSTEM CONTROL NUMBER
System control number EN-104502
037 ## - SOURCE OF ACQUISITION
Source of stock number/acquisition DBAD/PUB
082 ## - DEWEY DECIMAL CLASSIFICATION NUMBER
Classification number 362.80954
100 ## - MAIN ENTRY--PERSONAL NAME
Personal name Kshirsagar, R.K.
245 ## - TITLE STATEMENT
Title Reservation:
Remainder of title a quest for justice /
Statement of responsibility, etc by R.K. Kshirsagar
260 ## - PUBLICATION, DISTRIBUTION, ETC. (IMPRINT)
Place of publication, distribution, etc Delhi
Name of publisher, distributor, etc Kalpaz
Date of publication, distribution, etc 2013
270 ## - ADDRESS
City Delhi
Postal code 110052
Address C-30, Satyawati Nagar
300 ## - PHYSICAL DESCRIPTION
Extent 326p.
Dimensions 22cm(Hb)
500 ## - GENERAL NOTE
General note Includes bibliographical references and Index
942 ## - ADDED ENTRY ELEMENTS (KOHA)
Source of classification or shelving scheme Dewey Decimal Classification
Item type English Books
Classification part 362.80954
Call number suffix KSH
Holdings
Withdrawn status Lost status Not for loan Collection code Home library Current library Date acquired Source of acquisition Cost, normal purchase price Full call number Barcode Copy number Cost, replacement price Koha item type
    Not For Loan Non-fiction D.B.Act.Division Bawana 11/10/2017 DBAD/PUB 975.00 362.80954 KSH EN-104502 1 975.00 English Books

© Delhi Public Library
Hit Counter
free hit counter